000 00743nam a22002537a 4500
001 0074
003 DO-SdBPM
005 20250115112617.0
007 0074
008 151020b1999 sp | |||| 00| 0 spa d
020 _a9788420457272
040 _aDO-SdBPM
_bspa
_cBPMSU
082 4 _a863.5
_bL747p 1997
_2 22
100 1 _aLindo, Elvira,
_d1962-
245 1 0 _aPobre Manolito /
_cElvira Lindo ; ilustración Emilio Urberuaga.
250 _a9a ed.
260 _aMadrid, España :
_bAlfaguara,
_c1999
300 _a144 p. :
_bil. ;
_c20 cm.
650 4 _aCuentos infantiles españoles
650 4 _aNiños
_vCuentos infantiles
700 1 _aUrberuaga, Emilio,
_eilustración
910 _aVMateo V. Control de calidad. BPMSU
942 _2ddc
_cBK
999 _c8399
_d8399